000 00489nam a22001937a 4500
003 MPLRDC
005 20220104113802.0
008 210129b ||||| |||| 00| 0 eng d
020 _a957-470-464-5
082 _a216.9 BRO
100 _aSYLVIA BROWNE
245 _a细胞记忆
_c黄汉耀译
250 _a初版
260 _a台湾
_b人本自然文化事业有限公司
_c2004
300 _b244
490 _a@NATURE. 9
650 _a灵魂论; 来生论
942 _cBK
_o216.9 BRO
999 _c2338
_d2328